Movies Quiz

Random Movies or Numbers Quiz

Top 10 Biggest Selling Movies Of All Time Quiz Stats

 Plays Quiz not verified by Sporcle

Challenge
Share
Tweet
Embed
Score 0/10 Timer 14:00
0 Plays Today
year movie % Correct
2009Avatar
87.3%
1997Titanic
85.2%
1999Star Wars:Phantom Menace
64.3%
2003Lord Of The Rings:The Return Of The King
59%
2001Harry Potter and the Sorcerer's Stone
55.3%
2009Harry Potter And The Half-Blood Prince
54.9%
2007Harry Potter And The Order Of The Phoenix
54.5%
2008The Dark Knight
50.8%
2006Pirates Of The Caribbean:The Dead Man's Chest
32%
2007Pirates Of The Caribbean:At World's End
28.7%

You're not logged in!

Compare scores with friends on all Sporcle quizzes.
OR
Log In

You Might Also Like...

Show Comments

Extras

Top Quizzes Today


Score Distribution

Your Account Isn't Verified!

In order to create a playlist on Sporcle, you need to verify the email address you used during registration. Go to your Sporcle Settings to finish the process.

Report this User

Report this user for behavior that violates our Community Guidelines.

Details: